000
00286nam a22001337a 4500
008
171101b xxu||||| |||| 00| 0 eng d
020
_a
9780697312914
041
_a
eng
080
_2
4TH
_a
33
100
_a
59
101
_a
BUS
245
_a
TAKING SIDES
_c
NEWTON,L.H
942
_2
udc
_c
BK
999
_c
36980
_d
36980